Cimentación de las construcciones / (Record no. 94805)

MARC details
000 -LEADER
campo de control de longitud fija 00631nam a2200205 i 4500
001 - NÚMERO DE CONTROL
campo de control 94805
003 - IDENTIFICADOR DE NÚMERO DE CONTROL
campo de control ES-MaACL
005 - FECHA Y HORA DE LA ÚLTIMA TRANSACCIÓN
campo de control 20230906181548.0
007 - CAMPO FIJO DE DESCRIPCIÓN FÍSICA--INFORMACIÓN GENERAL
campo de control de longitud fija t|
008 - DATOS DE LONGITUD FIJA--INFORMACIÓN GENERAL
campo de control de longitud fija 050516s1948 sp ||||1| spa d
100 1# - ENTRADA PRINCIPAL--NOMBRE DE PERSONA
Nombre de persona Lozano, A
Títulos y otros términos asociados al nombre (aparejador)
9 (RLIN) 174495
245 10 - MENCIÓN DEL TÍTULO
Título Cimentación de las construcciones /
Mención de responsabilidad, etc. A. Lozano.
260 ## - PUBLICACIÓN, DISTRIBUCIÓN, ETC.
Lugar de publicación, distribución, etc. Barcelona :
Nombre del editor, distribuidor, etc. Juan Bruguer,
Fecha de publicación, distribución, etc. [1948?]
300 ## - DESCRIPCIÓN FÍSICA
Extensión 244 p. :
Otras características físicas il. ;
Dimensiones 23 cm.
490 1# - MENCIÓN DE SERIE
Mención de serie Biblioteca práctica de construcción ;
Designación de volumen o secuencia 2
650 #4 - PUNTO DE ACCESO ADICIONAL DE MATERIA--TÉRMINO DE MATERIA
Término de materia o nombre geográfico como elemento de entrada Cimentaciones.
9 (RLIN) 156256
830 1# - PUNTO DE ACCESO ADICIONAL DE SERIE-TÍTULO UNIFORME
Título uniforme Biblioteca práctica de construcción ;
Designación de volumen o secuencia 2
9 (RLIN) 180967
852 4# - LOCALIZACIÓN
Ubicación ES-MaACL
Número de control de estantería C-5523
Holdings
Estatus retirado Estado de pérdida Estado de daño No para préstamo Biblioteca de origen Biblioteca actual Ubicación en estantería Fecha de adquisición Fuente de adquisición Total de préstamos Signatura topográfica completa Código de barras Visto por última vez Precio de reemplazo Tipo de ítem Koha
        Biblioteca del Ateneo de Madrid Biblioteca del Ateneo de Madrid Sala Palomar 17/01/2008     C-5523 1099008 23/02/2023 23/02/2023 Libro impreso